Stravování a vztah k jídlu u českých adolescentů ve 21. století /

Hlavní autor: Pipová, Helena
Další autoři: Dolejš, Martin, 1980-, Suchá, Jaroslava, Kostková, Markéta, Urešová, Anna
Jazyk: Čeština
Vydáno: Praha : Togga ve spoluprácii s Univerzitou Palackého v Olomouci, 2021
Vydání: 1. vydání
Témata:
Fyzický popis: 361 stran : ilustrace (převážně barevné) ; 21 cm
Language note: České a anglické resumé
Knihy
Uloženo v:
LEADER 02889nam a2200709 i 4500
001 nkc20223389876
003 CZ PrNK
005 20220506115038.0
007 ta
008 220105s2021 xr a f 001 0 cze
015 |a cnb003389876 
020 |a 978-80-7476-217-8  |q (Togga ;  |q brožováno) 
020 |a 978-80-244-5821-2  |q (Univerzita Palackého v Olomouci ;  |q brožováno) 
035 |a (OCoLC)1310112268 
040 |a ABA001  |b cze  |d OLA001  |e rda 
041 0 |a cze  |b cze  |b eng 
043 |a e-xr--- 
045 |a y-y- 
072 7 |a 316.7  |x Sociologie kultury. Kulturní život  |2 Konspekt  |9 1 
080 |a 316.74:641.5  |2 MRF 
080 |a 613.2  |2 MRF 
080 |a 640.4  |2 MRF 
080 |a 316.346.32-053.67  |2 MRF 
080 |a 616.89-008.441.42  |2 MRF 
080 |a 616-056.257  |2 MRF 
080 |a (437.3)  |2 MRF 
080 |a (048.8:082)  |2 MRF 
100 1 |a Pipová, Helena  |7 mzk20191031745  |4 aut 
245 1 0 |a Stravování a vztah k jídlu u českých adolescentů ve 21. století /  |c Helena Pipová, Martin Dolejš, Jaroslava Suchá, Markéta Kostková, Anna Urešová 
250 |a 1. vydání 
264 1 |a Praha :  |b Togga ve spoluprácii s Univerzitou Palackého v Olomouci,  |c 2021 
300 |a 361 stran :  |b ilustrace (převážně barevné) ;  |c 21 cm 
336 |a text  |b txt  |2 rdacontent 
337 |a bez média  |b n  |2 rdamedia 
338 |a svazek  |b nc  |2 rdacarrier 
504 |a Obsahuje bibliografii, bibliografické odkazy a rejstříky 
546 |a České a anglické resumé 
648 7 |a 21. století  |7 ch460559  |2 czenas 
650 0 7 |a sociologie jídla  |7 ph198719  |z Česko  |y 21. století  |2 czenas 
650 0 7 |a stravování  |7 ph182426  |z Česko  |y 21. století  |2 czenas 
650 0 7 |a stravovací zvyky  |7 ph931806  |z Česko  |y 21. století  |2 czenas 
650 0 7 |a adolescenti  |7 ph195464  |z Česko  |y 21. století  |2 czenas 
650 0 7 |a poruchy příjmu potravy  |7 ph389987  |z Česko  |y 21. století  |2 czenas 
650 0 7 |a obezita  |7 ph123583  |z Česko  |y 21. století  |2 czenas 
650 0 9 |a sociology of food  |z Czechia  |y 21st century  |2 eczenas 
650 0 9 |a catering  |z Czechia  |y 21st century  |2 eczenas 
650 0 9 |a food habits  |z Czechia  |y 21st century  |2 eczenas 
650 0 9 |a adolescents  |z Czechia  |y 21st century  |2 eczenas 
650 0 9 |a eating disorders  |z Czechia  |y 21st century  |2 eczenas 
650 0 9 |a obesity  |z Czechia  |y 21st century  |2 eczenas 
655 7 |a kolektivní monografie  |7 fd501537  |2 czenas 
655 9 |a collective monographs  |2 eczenas 
700 1 |a Dolejš, Martin,  |d 1980-  |7 xx0100059  |4 aut 
700 1 |a Suchá, Jaroslava  |7 mzk2014846640  |4 aut 
700 1 |a Kostková, Markéta  |4 aut 
700 1 |a Urešová, Anna  |7 xx0245945  |4 aut 
910 2 |a BOA001  |b 2-1482.424 
928 9 |a Univerzita Palackého v Olomouci 
990 |a BK 
995 |a 01 
991 |b 202203  |c NOV 
996 6 |b 2610895029  |c 2-1482.424  |l MZK  |r Sklad / do 1 hodiny  |n 9  |p p.v.  |w 001878197  |u 000010  |a 1  |e BOA001  |j MZK50  |s P